Mejoramiento de la capacidad de análisis del Programa de Cómputo Pro-imgSAT para el estudio de imágenes satelitales con fines de predicción hidrológica
Сохранить в:
| Главный автор: | |
|---|---|
| Другие авторы: | |
| Формат: | |
| Язык: | Spanish |
| Опубликовано: |
[San José], Costa Rica,
2021
|
| Предметы: | |
| Online-ссылка: | https://cedi.ucr.ac.cr/civil/mejoramiento-de-la-capacidad-de-analisis-del-programa-de-computo-pro-imgsat-para-el-estudio-de-imagenes-satelitales-con-fines-de-prediccion-hidrologica/ |
| Метки: |
Добавить метку
Нет меток, Требуется 1-ая метка записи!
|
MARC
| LEADER | 00000nam a2200000Ia 4500 | ||
|---|---|---|---|
| 003 | 013389 | ||
| 005 | 20230509140548.0 | ||
| 008 | 140116s2021 cr a 000 ||spa d | ||
| 040 | |c cru CEDI | ||
| 100 | |a Zamora Gallo, Isaac Daniel, 1995- |9 133 | ||
| 245 | |a Mejoramiento de la capacidad de análisis del Programa de Cómputo Pro-imgSAT para el estudio de imágenes satelitales con fines de predicción hidrológica | ||
| 260 | |a [San José], Costa Rica, |c 2021 | ||
| 500 | |a Proyecto de graduación (licenciatura en Ingeniería Civil)--Universidad de Costa Rica. Facultad de Ingeniería, Escuela de Ingeniería Civil, | ||
| 501 | |a Director de Proyecto de Graduación: Ing. Alberto Serrano Pacheco Ph.D. | ||
| 650 | |x PRO-IMGSAT (PROGRAMAS PARA COMPUTADORA) |x IMAGENES DE SENSOR REMOTO - PROGRAMAS PARA COMPUTADORA |x PRECIPITACION ATMOSFERICA | ||
| 700 | |9 75 |a Serrano Pacheco, Alberto, 1976- |d Director del TFG | ||
| 856 | |u https://cedi.ucr.ac.cr/civil/mejoramiento-de-la-capacidad-de-analisis-del-programa-de-computo-pro-imgsat-para-el-estudio-de-imagenes-satelitales-con-fines-de-prediccion-hidrologica/ |y https://cedi.ucr.ac.cr/civil/mejoramiento-de-la-capacidad-de-analisis-del-programa-de-computo-pro-imgsat-para-el-estudio-de-imagenes-satelitales-con-fines-de-prediccion-hidrologica/ | ||
| 942 | |c CEDI |h TFG 8540 |2 ddc |6 TFG_8540_000000000000000 | ||
| 999 | |c 21891 |d 21891 | ||
